Juventudes en América Latina: una reflexión desde la experiencia de la exclusión y la cultura /
Gespeichert in:
| 1. Verfasser: | |
|---|---|
| Format: | Text |
| Tags: |
Tag hinzufügen
Keine Tags, Fügen Sie den ersten Tag hinzu!
|
MARC
| LEADER | 00000 a a2200000 04500 | ||
|---|---|---|---|
| 001 | 46698 | ||
| 003 | |||
| 040 | |||
| 090 | |a REV1520 19(75) 2013 | ||
| 100 | |a Rivera-González, José Guadalupe | ||
| 245 | |a Juventudes en América Latina: |b una reflexión desde la experiencia de la exclusión y la cultura / |c José Guadalupe Rivera-González | ||
| 773 | |g volumen19, número75, (2013), páginas 9-34 | ||
| 999 | |c 29692 |d 29692 | ||
